Comportamiento de las organizaciones

Guardat en:
Dades bibliogràfiques
Autors principals: Kreitner, Robert (Autor), Kinicki, Angelo (Autor)
Format: Llibre
Idioma:espanyol
Publicat: Madrid Irwin 1996
Matèries:
Etiquetes: Afegir etiqueta
Sense etiquetes, Sigues el primer a etiquetar aquest registre!

MARC

LEADER 00000nam a2200000 a 4500
001 UCS3412
003 CL-VaPUC
008 970620e19960000SP |||||||||||||||||spa|d
082 0 4 |a 658.409  |b KRE  |2 21 
100 |a Kreitner, Robert  |e author  |9 408272 
700 |a Kinicki, Angelo  |e author  |9 488858 
245 1 0 |a Comportamiento de las organizaciones 
300 |a 661 p 
942 |c BK 
945 |d 19970620 00:00:00  |a rbrito 
260 |a Madrid  |b Irwin  |c 1996 
650 7 |a CONDUCTA ORGANIZACIONAL  |2 CL-VaPUC  |9 263671 
650 0 |a Procesos sociales  |9 337802 
650 0 |a Toma de decisiones   |9 257530 
650 0 |a Organización  |9 256369 
650 7 |a PROCESOS DE COMUNICACION  |2 CL-VaPUC  |9 369288 
650 0 |a Liderazgo  |9 271835 
583 |a last modification  |c 19970620 00:00:00  |k Rodrigo Vera 
999 |c 261124  |d 261122 
952 |0 0  |1 0  |4 0  |6 658_409000000000000_KRE_1996  |7 0  |8 A  |9 288270  |a BIBENE  |b BIBENE  |d 2019-11-19  |i 3326543  |o 658.409 KRE 1996  |p 3326543  |r 2025-01-15  |w 2019-11-19  |y BK  |k ICO 
952 |0 0  |1 0  |4 0  |6 658_409000000000000_KRE_1996  |7 0  |8 A  |9 288271  |a BIBENE  |b BIBENE  |d 2019-11-19  |i 3424138  |o 658.409 KRE 1996  |p 3424138  |r 2025-01-15  |w 2019-11-19  |y BK  |k ICO